|
|
|
|
| LEADER |
00000nam a2200000 a 4500 |
| 001 |
vtls001486362 |
| 003 |
SK-MaSNL |
| 005 |
20260302073744.0 |
| 008 |
041201s2004 xo a 0 slo |
| 015 |
|
|
|a SNBF2005/01-00047
|
| 020 |
|
|
|a 8096823043
|c 129,00
|
| 035 |
|
|
|a SNK000441655
|
| 040 |
|
|
|a SNK
|b slo
|c SNK
|e AACR2
|
| 072 |
|
7 |
|a 72
|x Architektúra
|2 konspekt
|
| 080 |
|
|
|a 728.3
|x (085.2)
|2 snkbusd
|
| 080 |
|
|
|a 72.012.1
|2 1981
|
| 080 |
|
|
|a (085.2)
|2 1981
|
| 110 |
2 |
|
|a EUROLINE Slovakia
|4 aut
|9 34766
|
| 245 |
1 |
0 |
|a Katalóg 2004
|b 370 projektových riešení rodinných domov : najpredávanejšie projekty na Slovensku
|c [autor: EUROLINE Slovakia ; foto: Juraj Bartoš]
|
| 250 |
|
|
|a 1. vyd.
|
| 260 |
|
|
|a Bratislava
|b EUROLINE Slovakia
|c 2004
|
| 300 |
|
|
|a 210 s.
|b ilustr., rekl.
|c 30 cm
|
| 500 |
|
|
|a Názov z obalu
|
| 648 |
|
7 |
|a 2004
|2 snkbusd
|9 303492
|
| 650 |
0 |
7 |
|a rodinné domy
|2 SNK
|9 2984
|
| 650 |
0 |
7 |
|a projektové návrhy
|2 SNK
|9 64011
|
| 650 |
0 |
7 |
|a stavebné projekty
|2 snkbusd
|9 70956
|
| 655 |
|
7 |
|a firemné katalógy
|2 SNK
|9 284681
|
| 655 |
|
7 |
|a katalógy
|2 SNK
|9 60821
|
| 919 |
|
|
|a 80-968230-4-3
|
| 999 |
|
|
|c 1162215
|d 1164145
|
| 952 |
|
|
|t P60, <04>, [BOOK], {604}, -K-
|a SNK
|b SNK
|y PREZ
|7 0
|p 17A0453247
|o snkOSB 12804/2004
|i snkKSP 15230/2004
|0 0
|1 0
|4 0
|d 2004-12-02
|l 0
|r 2005-01-02 00:00:00
|w 2026-02-24
|
| 952 |
|
|
|t P60, <04>, [BOOK], {604}
|a SNK
|b SNK
|y VYP
|7 0
|p 17A0453246
|o snkOSB 12804/2004 D1
|i snkKSP 15231/2004
|0 0
|1 0
|4 0
|d 2004-12-02
|l 0
|r 2005-01-02 00:00:00
|w 2026-02-24
|